مشيخة قاضي القضاة / (رقم التسجيلة. 30615)

تفاصيل مارك
000 -LEADER
fixed length control field 00751nam a22002057a 4500
005 - DATE AND TIME OF LATEST TRANSACTION
control field 20251108165543.0
008 - FIXED-LENGTH DATA ELEMENTS--GENERAL INFORMATION
fixed length control field 250721s1988 xx 000 0 ara d
082 14 - DEWEY DECIMAL CLASSIFICATION NUMBER
Classification number م/213.233/جما
100 1# - MAIN ENTRY--PERSONAL NAME
Personal name إبن جماعة، أبو عبد الله بدر الدين محمد
245 10 - TITLE STATEMENT
Title مشيخة قاضي القضاة /
264 1# - PRODUCTION, PUBLICATION, DISTRIBUTION, MANUFACTURE, AND COPYRIGHT NOTICE
Place of production, publication, distribution, manufacture بيروت :
Name of producer, publisher, distributor, manufacturer دار الغرب الإسلامي،
Date of production, publication, distribution, manufacture, or copyright notice 1988.
300 ## - PHYSICAL DESCRIPTION
Extent 2مج
650 17 - SUBJECT ADDED ENTRY--TOPICAL TERM
Topical term or geographic name as entry element الإسلام
650 17 - SUBJECT ADDED ENTRY--TOPICAL TERM
Topical term or geographic name as entry element الحديث الشريف
650 17 - SUBJECT ADDED ENTRY--TOPICAL TERM
Topical term or geographic name as entry element طبقات الرواة
700 1# - ADDED ENTRY--PERSONAL NAME
Personal name البرزالي، علم الدين القاسم بن محمد بن يوسف
Relator term تحقيق
700 1# - ADDED ENTRY--PERSONAL NAME
Personal name عبد القادر، موقف بن عبد الله
Relator term تحقيق
942 ## - ADDED ENTRY ELEMENTS (KOHA)
Source of classification or shelving scheme Dewey Decimal Classification
Koha item type مراجع
المقتنيات
حالة السحب حالة الفقدان مصدر التصنيف حالة التلف غير قابل للإعارة المكتبة الرئيسية المكتبة الحالية موقع الرف تاريخ التزويد الرقم المتسلسل Total Checkouts رقم الإستدعاء الباركود تاريخ آخر ظهور تاريخ الفاتورة نوع المادة (كوها)
    Dewey Decimal Classification   Not For Loan المكتبة المركزية المكتبة المركزية مراجع 06/07/2004 470060   م/213.233/جما 470060 28/07/2025 06/07/2004 مراجع
    Dewey Decimal Classification   Not For Loan المكتبة المركزية المكتبة المركزية مراجع 06/07/2004 470061   م/213.233/جما 470061 28/07/2025 06/07/2004 مراجع
Implemented & Customized by: BBB with SCIT (Smart Chains for Information Technology)

Powered by Koha